अस्तित्ववादी लघुकथाएं भाग -1 / (Record no. 119451)

MARC details
000 -LEADER
fixed length control field 01072nam a22002537a 4500
005 - DATE AND TIME OF LATEST TRANSACTION
control field 20170124103135.0
010 ## - LIBRARY OF CONGRESS CONTROL NUMBER
LC control number A-774817
020 ## - INTERNATIONAL STANDARD BOOK NUMBER
Terms of availability 100.00
035 ## - SYSTEM CONTROL NUMBER
System control number A-774817
037 ## - SOURCE OF ACQUISITION
Source of stock number/acquisition Cen Lib/Ret
040 ## - CATALOGING SOURCE
Original cataloging agency DPL
Language of cataloging HN
082 ## - DEWEY DECIMAL CLASSIFICATION NUMBER
Classification number
Item number पाण्डेय
100 ## - MAIN ENTRY--PERSONAL NAME
Personal name पाण्डेय, रामदास
9 (RLIN) 84985
245 ## - TITLE STATEMENT
Title अस्तित्ववादी लघुकथाएं भाग -1 /
Statement of responsibility, etc रामदास पाण्डेय
246 ## - VARYING FORM OF TITLE
Title proper/short title Astitvvadi laghukathayen bhag-1
Remainder of title by Raamdas Pandey
260 ## - PUBLICATION, DISTRIBUTION, ETC. (IMPRINT)
Place of publication, distribution, etc बस्ती
Name of publisher, distributor, etc अस्तित्व प्रकाशन
Date of publication, distribution, etc 1884
270 ## - ADDRESS
Address सिविल लाइन्स
City बस्ती
300 ## - PHYSICAL DESCRIPTION
Extent 95पृष्ठ.
Dimensions 17सेमी(सजिल्द)
650 ## - SUBJECT ADDED ENTRY--TOPICAL TERM
Topical term or geographic name as entry element हिंदी साहित्य
9 (RLIN) 84986
650 ## - SUBJECT ADDED ENTRY--TOPICAL TERM
Topical term or geographic name as entry element समकालीन अस्तित्ववादी कथाएं
9 (RLIN) 84987
650 ## - SUBJECT ADDED ENTRY--TOPICAL TERM
Topical term or geographic name as entry element Hindi literature
9 (RLIN) 84988
650 ## - SUBJECT ADDED ENTRY--TOPICAL TERM
Topical term or geographic name as entry element Contemporary existential stories
9 (RLIN) 84989
942 ## - ADDED ENTRY ELEMENTS (KOHA)
Source of classification or shelving scheme Dewey Decimal Classification
Koha item type Hindi Books
Classification part
Call number suffix पाण्डेय
Holdings
Withdrawn status Lost status Damaged status Not for loan Home library Current library Date acquired Source of acquisition Cost, normal purchase price Total Checkouts Full call number Barcode Date last seen Copy number Cost, replacement price Price effective from Koha item type
        Central Library Central Library 17/09/2015 Cen Lib/Ret 100.00   क पाण्डेय A-774817 17/09/2015 1 100.00 17/09/2015 Hindi Books

© Delhi Public Library
Hit Counter
free hit counter